Detalles MARC
| 000 -LEADER |
| fixed length control field |
02048nam a2200493Ii 4500 |
| 001 - CONTROL NUMBER |
| control field |
DIGBOSCH0313 |
| 003 - CONTROL NUMBER IDENTIFIER |
| control field |
NyNyDIG |
| 006 - FIXED-LENGTH DATA ELEMENTS--ADDITIONAL MATERIAL CHARACTERISTICS |
| fixed length control field |
m o d |
| 007 - PHYSICAL DESCRIPTION FIXED FIELD--GENERAL INFORMATION |
| fixed length control field |
cr ||||||||||| |
| 008 - FIXED-LENGTH DATA ELEMENTS--GENERAL INFORMATION |
| fixed length control field |
230411s2022 sp ob 000 0 por d |
| 035 ## - SYSTEM CONTROL NUMBER |
| System control number |
(OCoLC)1347695536 |
| 040 ## - CATALOGING SOURCE |
| Original cataloging agency |
DGITA |
| Language of cataloging |
eng |
| Description conventions |
rda |
| -- |
pn |
| Transcribing agency |
DGITA |
| 020 ## - INTERNATIONAL STANDARD BOOK NUMBER |
| International Standard Book Number |
9788419045478 |
| Qualifying information |
digital |
| 020 ## - INTERNATIONAL STANDARD BOOK NUMBER |
| Canceled/invalid ISBN |
9788419045461 |
| Qualifying information |
papel |
| 041 0# - LANGUAGE CODE |
| Language code of text/sound track or separate title |
spa |
| -- |
ita |
| 043 ## - GEOGRAPHIC AREA CODE |
| Geographic area code |
s-ag--- |
| -- |
e------ |
| 050 14 - LIBRARY OF CONGRESS CALL NUMBER |
| Classification number |
KZA1146.A7 ebook |
| 050 14 - LIBRARY OF CONGRESS CALL NUMBER |
| Classification number |
KZA1145 ebook |
| 245 03 - TITLE STATEMENT |
| Title |
El desarrollo del derecho del mar desde una perspectiva argentina y europea = |
| Remainder of title |
Lo sviluppo del diritto del mare in una prospettiva argentina ed europea / |
| Statement of responsibility, etc. |
Gabriela A. Oanta, Simone Vezzani, Ana Victoria Villanueva, directores ; Alexis A. Ferrairone [and 11 others] |
| 246 31 - VARYING FORM OF TITLE |
| Title proper/short title |
Sviluppo del diritto del mare in una prospettiva argentina ed europea |
| 264 #1 - PRODUCTION, PUBLICATION, DISTRIBUTION, MANUFACTURE, AND COPYRIGHT NOTICE |
| Place of production, publication, distribution, manufacture |
Barcelona : |
| Name of producer, publisher, distributor, manufacturer |
J.M. Bosch Editor, |
| Date of production, publication, distribution, manufacture, or copyright notice |
2022. |
| 300 ## - PHYSICAL DESCRIPTION |
| Extent |
1 online resource. |
| 336 ## - CONTENT TYPE |
| Content type term |
text |
| Content type code |
txt |
| Source |
rdacontent |
| 337 ## - MEDIA TYPE |
| Media type term |
computer |
| Media type code |
c |
| Source |
rdamedia |
| 338 ## - CARRIER TYPE |
| Carrier type term |
online resource |
| Carrier type code |
cr |
| Source |
rdacarrier |
| 347 ## - DIGITAL FILE CHARACTERISTICS |
| File type |
text file |
| Source |
rdaft |
| 347 ## - DIGITAL FILE CHARACTERISTICS |
| Encoding format |
PDF |
| 504 ## - BIBLIOGRAPHY, ETC. NOTE |
| Bibliography, etc. note |
Includes bibliographical references. |
| 546 ## - LANGUAGE NOTE |
| Language note |
Text in Spanish and Italian. |
| 588 0# - SOURCE OF DESCRIPTION NOTE |
| Source of description note |
Online resource; title from PDF title page (Digitalia, viewed April 11, 2023) |
| 650 #0 - SUBJECT ADDED ENTRY--TOPICAL TERM |
| Topical term or geographic name entry element |
Law of the Sea |
| Geographic subdivision |
Argentina. |
| 650 #0 - SUBJECT ADDED ENTRY--TOPICAL TERM |
| Topical term or geographic name entry element |
Law of the sea |
| Geographic subdivision |
Europe. |
| 650 #0 - SUBJECT ADDED ENTRY--TOPICAL TERM |
| Topical term or geographic name entry element |
Maritime law. |
| 700 1# - ADDED ENTRY--PERSONAL NAME |
| Personal name |
Oanta, Gabriela A., |
| Relator term |
editor, |
| -- |
author. |
| 700 1# - ADDED ENTRY--PERSONAL NAME |
| Personal name |
Vezzani, Simone, |
| Relator term |
editor, |
| -- |
author. |
| 700 1# - ADDED ENTRY--PERSONAL NAME |
| Personal name |
Villanueva, Ana Victoria, |
| Relator term |
editor, |
| -- |
author. |
| 700 1# - ADDED ENTRY--PERSONAL NAME |
| Personal name |
Ferrairone, Alexis A., |
| Relator term |
author. |
| 791 2# - |
| -- |
Digitalia (Firm), |
| -- |
distributor. |
| 793 0# - |
| -- |
Digitalia eBook Collection: |
| -- |
Bosch Editor |
| 776 08 - ADDITIONAL PHYSICAL FORM ENTRY |
| Relationship information |
Print version: |
| Title |
Desarrollo del derecho del mar desde una perspectiva argentina y europea. |
| Place, publisher, and date of publication |
Barcelona : J.M. Bosch Editor, 2022 |
| International Standard Book Number |
9788419045461 |
| 856 40 - ELECTRONIC LOCATION AND ACCESS |
| Materials specified |
Digitalia Hispánica |
| Uniform Resource Identifier |
<a href="https://www.digitaliapublishing.com/a/118957/">https://www.digitaliapublishing.com/a/118957/</a> |
| 910 ## - USER-OPTION DATA (OCLC) |
| User-option data |
Premium collection: 2023 |
| 942 ## - ADDED ENTRY ELEMENTS (KOHA) |
| Koha item type |
Recurso Electrónico |